000 00309nam a22001337a 4500
008 170620b xxu||||| |||| 00| 0 eng d
020 _a0822308207
041 _aeng
080 _a32
100 _a20
101 _aSHP
245 _aPOLITICS IN THE UNITED NATIONS SYSTEM
_cFINKELSTEIN,L.S
942 _2udc
_cBK
999 _c18239
_d18239